00512nam a2200181 a 4500001001300000003000900013005001700022008004100039020002200080082001800102100002000120245006100140260005200201300001000253500003500263650001200298700002000310nice12345678IN_TiNIC20260116014544.0050524s2009 myla grp 000 0 eng  a9788178235271c6000a294.5921bBHA aBhaskarananda,  aJourney from Many to Oneb Essentials of Advaita Vedanta aMylapore, Chennai bSri Ramakrishna Math c2009 a204p  aincludes index and biblioraphy aVedanta1 aBhaskarananda,